| 000 | 00823nam a2200229 i 4500 | ||
|---|---|---|---|
| 001 | 175607 | ||
| 003 | ES-MaACL | ||
| 005 | 20250808001328.0 | ||
| 007 | t| | ||
| 008 | 101111s1972 sp a r ||||1| spa d | ||
| 080 | _a2-291 | ||
| 080 | _a821.134.2-1 Juan de la Cruz, Santo | ||
| 100 | 1 |
_aCamón Aznar, José, _d1898-1979 _934095 |
|
| 245 | 1 | 0 |
_aArte y pensamiento en San Juan de la Cruz / _cpor José Camón Aznar. |
| 260 |
_aMadrid : _bLa Editorial Católica, _c1972. |
||
| 300 |
_aX, 271, [15] p. : _bil. ; _c18 cm. |
||
| 490 | 1 |
_aBiblioteca de autores cristianos. Serie Minor ; _v26 |
|
| 600 | 0 | 4 |
_aJuan de la Cruz _cSanto- _xCrítica e interpretación. _967112 |
| 830 | 0 | 0 |
_aBiblioteca de autores cristianos. _pMinor _v26 _9189814 |
| 852 |
_aES-MaACL _jE-13493 _xOlim P-1255 |
||
| 999 |
_c175607 _d175607 |
||